| 000 | 00411nam a2200181Ia 4500 | ||
|---|---|---|---|
| 001 | 3961 | ||
| 005 | 20260306145721.0 | ||
| 008 | 260306t1999||||xx |||||||||||||| ||spa|| | ||
| 041 | _aESP | ||
| 082 |
_a305.9066 _bCH553 |
||
| 100 |
_aChiland, Colette _eAUT |
||
| 245 | 0 | _aCambiar de sexo | |
| 260 | _c1999 | ||
| 300 |
_a283 páginas : _c21 cm. |
||
| 650 | _aGEN | ||
| 654 | _aCPS | ||
| 942 |
_cLIB _dJUS _fJUS _2ddc _n |
||
| 999 |
_c3961 _d3961 |
||